[Event "SLO-ch U12"]
[Site "Rogaska Slatina"]
[Date "2009.02.26"]
[Round "8"]
[White "Klancicar, Vid"]
[Black "Oslaj, Blaz"]
[Result "1-0"]
[WhiteElo "1500"]
[BlackElo "1500"]
[PlyCount "55"]
[EventDate "2009.02.22"]
[EventType "swiss"]
[EventRounds "9"]
[EventCountry "SLO"]
[SourceTitle "CBM 129 Extra"]
[Source "ChessBase"]
[SourceDate "2009.05.05"]
[SourceVersion "2"]
[SourceVersionDate "2009.05.20"]
[SourceQuality "1"]

1. e4 e5 2. Nf3 Nc6 3. d4 exd4 4. Nxd4 Bb4+ 5. Bd2 Bc5 6. Be3 Bxd4 7. Bxd4 Nxd4 8. Qxd4 Nf6 9. Bd3 0-0 10. 0-0 d5 11. exd5 Nxd5 12. Nc3 Nxc3 13. Qxc3 a6 14. Rae1 Re8 15. Rxe8+ Qxe8 16. Qxc7 Be6 17. Re1 Qd7 18. Qxd7 Bxd7 19. Rd1 Re8 20. h3 Bb5 21. c4 Ba4 22. b3 Bc6 23. b4 Rd8 24. Bxh7+ Kxh7 25. Rxd8 b5 26. cxb5 axb5 27. Rb8 Kg6 28. Rb6 1-0

[Event "SLO-ch U12"]
[Site "Rogaska Slatina"]
[Date "2009.02.24"]
[Round "5"]
[White "Pucko, Sandi"]
[Black "Oslaj, Blaz"]
[Result "1-0"]
[WhiteElo "1500"]
[BlackElo "1500"]
[PlyCount "51"]
[EventDate "2009.02.22"]
[EventType "swiss"]
[EventRounds "9"]
[EventCountry "SLO"]
[SourceTitle "CBM 129 Extra"]
[Source "ChessBase"]
[SourceDate "2009.05.05"]
[SourceVersion "2"]
[SourceVersionDate "2009.05.20"]
[SourceQuality "1"]

1. d4 d5 2. c4 Bf5 3. Nc3 dxc4 4. e3 Bd3 5. Bxd3 cxd3 6. Qxd3 Nc6 7. Nf3 Nb4 8. Qb5+ c6 9. Qxb4 Nf6 10. Qxb7 Qb8 11. Qxb8+ Rxb8 12. 0-0 e6 13. a3 Bd6 14. Rb1 0-0 15. e4 c5 16. dxc5 Bxc5 17. Bf4 Rbc8 18. b4 Bb6 19. Nb5 Nxe4 20. Rfe1 Bxf2+ 21. Kf1 Bxe1 22. Kxe1 Nc3 23. Nxc3 Rxc3 24. a4 Rc2 25. Kf1 Rb8 26. Bxb8 1-0